000 00502nam a2200181Ia 4500
999 _c22520
_d22520
003 OSt
005 20200214153538.0
008 190216s9999||||xx |||||||||||||| ||und||
020 _a9788172047535
040 _coclc
082 _a297
_bBRO/M
100 _aBrohi, A K
_92004
245 0 _aManushyavakashangal Islamil /
_cA K Brohi
250 _a3rd ed.
260 _bIslamic Publishing House,
_c2001.
_aKozhikode:
300 _a62p
942 _cBK
_2ddc
_h297
_iBRO/M
_k297
_mBRO/M